Understanding and Reducing College Student Departure /
Zapisane w:
| 1. autor: | |
|---|---|
| Kolejni autorzy: | , |
| Format: | Książka |
| Język: | angielski |
| Wydane: |
San Francisco, EUA :
Jossey-Bass,
2004, c2004
|
| Seria: | (ASHE-ERIC Higher Education Report ;
30-3) (The Jossey-Bass Higher and Adult Education Series) |
| Hasła przedmiotowe: | |
| Etykiety: |
Nie ma etykietki, Dołącz pierwszą etykiete!
|
MARC
| LEADER | 00000nam^a2200000^a^4500 | ||
|---|---|---|---|
| 001 | 000182645 | ||
| 005 | 20250521000000.0 | ||
| 009 | 20260310102014.085 | ||
| 020 | |a 0-7879-7282-7 | ||
| 037 | |a Acervo ITESO - Biblioteca | ||
| 041 | |a ING | ||
| 082 | |a 378. 169 |b BRA | ||
| 100 | |a Braxton, John M. |e (autor) | ||
| 245 | 1 | 0 | |a Understanding and Reducing College Student Departure / |c J.M. Braxton, A.S. Hirschy, S.A. McClendon ; pról. de Adrianna J. Kezar. |
| 264 | 4 | |a San Francisco, EUA : |b Jossey-Bass, |c 2004, c2004 | |
| 300 | |a XII, 108 p. | ||
| 336 | |a texto |b txt |2 rdacontenido | ||
| 337 | |a sin mediación |b n |2 rdamedio | ||
| 338 | |a volumen |b nc |2 rdasoporte | ||
| 440 | 1 | |a (ASHE-ERIC Higher Education Report ; |v 30-3) | |
| 440 | 5 | |a (The Jossey-Bass Higher and Adult Education Series) | |
| 649 | |a XX | ||
| 650 | |a Alumnos | ||
| 650 | |a Deserción Escolar | ||
| 650 | |a Eficiencia Terminal | ||
| 650 | |a Problemas Sociales | ||
| 650 | |a Administración Educativa | ||
| 650 | |a Universidades | ||
| 650 | |a Instituciones Educativas | ||
| 650 | |a Educación Superior | ||
| 650 | |a Educación y Sociedad | ||
| 650 | |a Sociología de la Educación | ||
| 700 | |a Hirschy, Amy S. |e (autor) | ||
| 700 | |a McClendon, Shederick A. |e (autor) | ||
| 910 | |a Fondo General | ||
| 920 | |a Impresos - Libros | ||
| 930 | |a Colección General | ||
| 905 | |a 101 | ||
| 901 | |a 0500122676 |b IT1 |c ACC |u 20250521 | ||
| 902 | |a https://opac.biblio.iteso.mx/vufind/Record/000182645 | ||